Finish the Movie Quote II Quiz Stats

 Plays Quiz Updated Jun 8, 2018

Score 0/16 Timer 07:00
2 Plays Today
Quote Line % Correct
Nobody puts Baby...in the corner
80.4%
I'll get you my pretty and...your little dog too!
69.3%
Surely you can't be serious! I am serious and...don't call me Shirley.
65.9%
Life moves pretty fast. If you don't stop and look around once in awhile...you could miss it.
46.1%
Ray, when someone asks you if you're a god...you say YES!
40.1%
Tell me something, my friend. You ever dance...with the devil in the pale moonlight.
34.3%
I'm not bad; I'm just...drawn that way.
30.7%
I'm pretty sure there's a lot more to life than being...really, really, ridiculously good looking.
28.7%
Quote Line % Correct
Oh, no. It wasn't the airplanes. It was...Beauty killed the Beast.
26.7%
I don't know how to put this but...I'm kind of a big deal.
26.2%
The greatest trick the devil ever pulled was...convincing the world he didn't exist.
24.5%
Take me to bed or...lose me forever
22.5%
Of all the gin joints in all the towns in all the world...she walks into mine.
17.2%
Fasten your seatbelts. It's...going to be a bumpy night.
12.4%
Oh, Jerry, don't let's ask for the moon...we have the stars.
7.7%
I was thinking of the immortal words of Socrates, who said...I drank what
6.2%

You're not logged in!

Compare scores with friends on all Sporcle quizzes.
OR
Log In

Sporcle TV

Today on Sporcle TV


Watch our educational content, quiz creation guides, and fun videos on Sporcle TV.

Show Comments

Extras

Top Quizzes Today


Score Distribution

Your Account Isn't Verified!

In order to create a playlist on Sporcle, you need to verify the email address you used during registration. Go to your Sporcle Settings to finish the process.

Report this User

Report this user for behavior that violates our Community Guidelines.

Details: